000 00601nam a22001937a 4500
999 _c93328
_d93328
005 20230428111151.0
010 _aENG-112865
020 _c295.00
_a9789350350997
035 _aEN-96397
037 _bDBAD/PUB
082 _a342.54085
100 _aRama Jois, M.
245 _aRaja dharma with lessons on raja neeti /
_cby M. Rama Jois
250 _a2nd ed
260 _a Delhi
_bUniversal Law Publishing
_c2012(repr.)
270 _aC-FF-1A, Dilkhush Industrial Estate G.T. Karnal Road,
_bDelhi
_e110033
300 _axxviii,163p.
_c25cm(Hb)
942 _2ddc
_cEN
_mRAM
_h342.54085